Land vs. Land #149 - Statistiken

Allgemein
  • Dieses Quiz wurde 19 mal gespielt
  • Das Durchschnittsergebnis liegt bei 10 aus 14
Antwortstatistiken
Frage Antwort % Korrekt
...Fläche? Niederlande🇳🇱
100%
...Einwohner? Niederlande🇳🇱
100%
...Exportmengen? Niederlande🇳🇱
100%
...Bruttoinlandsprodukt? Niederlande🇳🇱
95%
...Militär? Niederlande🇳🇱
95%
...Tourismus? Niederlande🇳🇱
95%
...Gewinner? Niederlande🇳🇱
89%
...HDI (Human Development Index)? Niederlande🇳🇱
79%
...Frieden? San Marino🇸🇲
79%
...Bruttoinlandsprodukt pro Kopf? Niederlande🇳🇱
68%
...Happy Planet Index? Niederlande🇳🇱
47%
...Lebenserwartung? San Marino🇸🇲
37%
...Gesundheitswesen? San Marino🇸🇲
26%
...durchschnittlicher IQ? San Marino🇸🇲
16%
Keine übereinstimmenden Quizze gefunden
Verteilung der Resultate
Anzahl Personen mit jedem Resultat
Perzentil nach korrekt beantworteten Fragen
Ihre Resultats-Entwicklung
Sie haben dieses Quiz noch nicht gespielt